000 01137nam a2200253Ia 4500
999 _c36484
_d36484
001 2402
003 GE_BSU
005 20230829123359.0
008 181216s1992||||ge |||||||||||||| ||geo||
020 _a5529008674
040 _cGE_BSU
041 _ageo
080 _a618 ბ–32
100 _aბაქრაძე, გ.
_919051
245 _aფიზიკური რეაბილიტაცია სამეანო–გინეკოლოგიურ პრაქტიკაში /
_cგ. ბაქრაძე., რ. სვანიშვილი; რედ. გიგაური, მ.
264 _aთბილისი :
_bსაქართველო,
_c1992.
300 _a143 გვ.;
_b19 სმ.
541 _h6ლ.
653 _aორსულთა აღდგენითი მკურნალობა
653 _aავადმყოფთა ფიზიკური რეაბილიტაცია
700 _aსვანიშვილი, რ.
_eავტორი
_911563
700 _aგიგაური, მ.
_eრედაქტორი
_93357
942 _cBK
_2udc